Travis Scott - Statistics

General Stats
  • This quiz has been taken 5,118 times
  • The average score is 6 of 13
Answer Stats
Hint Answer % Correct
What was Travis Scott's First Album Rodeo
89%
What is Travis Scotts Real Last Name Webster
81%
Where is Travis From Houston
76%
Who is his Favorite Artist Kid Cudi
65%
What is Travis Scott's Second Studio Album Birds In the Trap Sing Mcknight
56%
What was Travis Scott's First Mixtape Owl Pharaoh
56%
Most Popular Song Antidote
53%
Who is Travis Scott's Best Friend/ On set DJ Chase B
45%
What Label is he on with Kanye West GOOD Music
37%
What other Artist has Travis dated Rihanna
28%
What was his First Song on Apple Music Upper Echelon
21%
What artist did Travis first sign with T.I.
20%
What is his Radio Station Called .Wav
14%
No matching quizzes found
Score Distribution
Percent of People with Each Score
Percentile by Number Answered
Your Score History
You have not taken this quiz